000
00208 a2200097 4500
020
_a
9786074570137
041
_a
spa
100
_a
Maria del Pilar Montes
245
_a
El manual para escribir bien
942
_c
K
999
_c
26167
_d
26167